[Event "Split op 3rd"]
[Site "Split"]
[Date "2013.08.10"]
[Round "1"]
[White "Zakhartsov, Viacheslav V"]
[Black "Calija, Zvonimir"]
[Result "1-0"]
[WhiteElo "2560"]
[BlackElo "1997"]
[PlyCount "61"]
[EventDate "2013.08.10"]
[EventType "swiss"]
[EventRounds "9"]
[EventCountry "CRO"]
[SourceTitle "CBM 155 Extra"]
[Source "ChessBase"]
[SourceDate "2013.08.26"]
[SourceVersion "1"]
[SourceVersionDate "2013.08.26"]
[SourceQuality "1"]

1. d4 d5 2. c4 c6 3. Nf3 Nf6 4. Nc3 a6 5. c5 g6 6. Bf4 Bg7 7. h3 Nbd7 8. e3 Ne4 9. Qc2 Qa5 10. a3 Nxc3 11. b4 Qd8 12. Qxc3 0-0 13. Bd3 Re8 14. 0-0 f5 15. a4 Nf6 16. b5 Ne4 17. Qc2 axb5 18. axb5 Rxa1 19. Rxa1 cxb5 20. Bxb5 Bd7 21. Qb3 Bc6 22. Bxc6 bxc6 23. Ra7 Qc8 24. Qb6 Qe6 25. Qa6 Bf6 26. Be5 Ng5 27. Nxg5 Bxg5 28. Rc7 Rb8 29. Rxc6 Rb1+ 30. Kh2 Qd7 31. Rxg6+ 1-0

[Event "Split op 1st"]
[Site "Split"]
[Date "2011.08.05"]
[Round "1"]
[White "Calija, Zvonimir"]
[Black "Saric, Ibro"]
[Result "0-1"]
[WhiteElo "2019"]
[BlackElo "2563"]
[PlyCount "82"]
[EventDate "2011.08.05"]
[EventType "swiss"]
[EventRounds "9"]
[EventCountry "CRO"]
[SourceTitle "CBM 143 Extra"]
[Source "ChessBase"]
[SourceDate "2011.08.29"]
[SourceVersion "1"]
[SourceVersionDate "2011.08.29"]
[SourceQuality "1"]

1. d4 Nf6 2. Nf3 g6 3. g3 Bg7 4. Bg2 0-0 5. 0-0 c5 6. c3 Na6 7. Nbd2 d5 8. Ne5 b6 9. e3 Bb7 10. b3 Nd7 11. Nxd7 Qxd7 12. Nf3 Rac8 13. Bb2 Rfd8 14. Rc1 b5 15. Qd2 c4 16. b4 f6 17. Rfd1 e5 18. dxe5 fxe5 19. Ng5 Qe7 20. h4 h6 21. Nf3 Qf7 22. Qe2 Rf8 23. Nh2 e4 24. Rc2 Nc7 25. Rcd2 Rce8 26. Bh3 Na8 27. a3 Nb6 28. Rc2 Bc8 29. Bxc8 Rxc8 30. Qg4 Nd7 31. Rcd2 Ne5 32. Qe2 Nd3 33. Ba1 Rc6 34. Rf1 Rf6 35. Ng4 Rf3 36. Nh2 Qe6 37. Qd1 Qh3 38. Qc2 Be5 39. Rxd3 exd3 40. Qd1 Rxf2 41. Rxf2 Rxf2 0-1